MDQL
is popping MORE tags! Check the
thread
!
Quizzes
Events
Quiz Creation
Community
Videos
Private Events
Remove Ads
Sign In
Join for FREE
Feedback
Dark Mode
Quiz Categories
Sports
Geography
Music
Movies
Television
Just For Fun
Miscellaneous
History
Literature
Language
Science
Gaming
Entertainment
Religion
Holiday
For Kids
Quiz Lab
Recent
Popular Today
Quiz Kudos Today
Editor Picks
Curator Picks
Quizzes by...
Day
Popularity
Type
Ratings
Length
Year
Community
Subscriptions
Recent Discussions
Orange Saloon
Badges
Playlists
Quests
Create
Leaderboards
Showdown
Live 5
Trivia Bingo
Activity
Puzzle Library
Sporcle Events
Private Events
Virtual Trivia
Globe League
Become a Host
Pub Owners
SporcleCon
Opinionation
Our Games
Videos
Blog
Mobile Apps
Partnerships
Remove Ads and Go Orange
Feedback
Music
Pop Music
The Beatles
Song
Album
Lyrics
Bands
Singers
Artist
Clip
Rock
Rap
Classical
Billboard
Country Music
Kpop
Taylor Swift
Music
Pop Music
The Beatles
Song
Album
Lyrics
Bands
Singers
Artist
Clip
Rock
Rap
Classical
Billboard
Country Music
Kpop
Taylor Swift
Random Quiz
Search Sporcle
×
Quiz Lab
Quiz Lab
Music
Album
Type in answers that appear in a list
Type in answers that appear in a list
Classic
Best Score? Go Orange.
Bette Midler Songs Stats
Can you name the songs from Bette Midler's studio albums?
By
FrankW
15m
153 Questions
97 Plays
97 Plays
97 Plays
Comments
Comments
Give Quiz Kudos
Give Quiz Kudos
-
- Ratings
hide this ad
Replay
Link that replays current quiz
Next Quiz
Link to next quiz in quiz playlist
You Got
0%
They Got
Avg Score
47%
Avg Friend Score
Upgrade to see
Score Distribution
Jump to the score distribution portion of the page
Score
0/153
Timer
15:00
0
Plays Today
% Correct
Friends
86.6%
Friends
86.6%
From A Distance
80.4%
From A Distance (Christmas Version)
80.4%
Do You Want To Dance
75.3%
Boogie Woogie Bugle Boy
75.3%
Hello In There
71.1%
To Deserve You
71.1%
Chapel Of Love
70.1%
Cool Yule
66%
Bed Of Roses
64.9%
Waterfalls
64.7%
Superstar
63.9%
Favorite Waste Of Time
63.9%
Am I Blue
62.9%
Delta Dawn
62.9%
In The Mood
62.9%
Beast Of Burden
62.9%
Fever
62.9%
Skylark
61.9%
Drinking Again
61.9%
I'm Beautiful
61.9%
Red
60.8%
In This Life
59.8%
Be My Baby
58.8%
La Vie En Rose
58.8%
I Know This Town
58.8%
White Christmas
58.8%
White Christmas
58.8%
Leader Of The Pack
57.7%
My One True Friend
57.7%
In These Shoes
57.7%
Some People's Lives
56.7%
Strangers In The Night
55.7%
Night And Day
55.7%
Nobody Else But You
55.7%
Mr. Sandman
55.3%
It's The Girl
55.3%
Twisted
54.6%
Optimistic Voices/Lullaby Of Broadway
53.6%
(Your Love Keeps Lifting Me) Higher And Higher
53.6%
Buckets Of Rain
53.6%
All I Need To Know
53.6%
To Comfort You
53.6%
I'm Hip
53.6%
This Ole House
53.6%
Daytime Hustler
52.6%
Surabaya Johnny
52.6%
A Dream Is A Wish Your Heart Makes
52.6%
Hurricane
52.6%
Miss Otis Regrets
52.6%
% Correct
Mambo Italiano
52.6%
I Believe In You
51.5%
Boxing
51.5%
Sisters
51.5%
I Shall Be Released
50.5%
Uptown/Don't Say Nothin' Bad (About My Baby)/Da Doo Ron Ron
50.5%
Mr. Rockefeller
50.5%
Rain
50.5%
Married Men
50.5%
Shiver Me Timbers/Samedi Et Vendredi
49.5%
Storybook Children (Daybreak)
49.5%
Yellow Beach Umbrella
49.5%
That's How The Heartaches Are Made
49.5%
You'll Never Know
49.5%
Breaking Up Somebody's Home
48.5%
Say Goodbye To Hollywood
48.5%
Big Noise From Winnetka
48.5%
Only In Miami
48.5%
The Gift Of Love
48.5%
It's Too Late
48.5%
Lullaby In Blue
48.5%
Big Socks
48.5%
Moonlight Dancing
47.4%
As Dreams Go By
47.4%
Have Yourself A Merry Little Christmas
47.4%
One Fine Day
47.1%
Old Cape Cod
46.4%
I Never Talk To Strangers
46.4%
I'm A Woman
46.4%
You Don't Know Me
45.4%
Paradise
45.4%
Song Of Bernadette
45.4%
Color Of Roses
45.4%
Hang On In There Baby
44.3%
Let Me Drive
44.3%
One Monkey Don't Stop No Show
44.3%
God Give Me Strength
44.3%
Come On-A My House
44.3%
Marahuana
43.3%
My Knight In Black Leather
43.3%
One More Round
43.3%
Spring Can Really Hang You Up The Most
43.3%
He Was Too Good To Me/Since You Stayed Here
43.3%
Bottomless
43.3%
The Perfect Kiss
43.3%
That's How Love Moves
43.3%
Tenderly
43.3%
Memories Of You
43.3%
He's A Tramp
43.3%
Tragedy
42.3%
Just My Imagination (Running Away With Me)
42.3%
% Correct
Hey There
42.3%
In The Cool, Cool, Cool Of The Evening
42.3%
Winter Wonderland/Let It Snow! Let It Snow! Let It Snow!
42.3%
Love Says It's Waiting
41.2%
Make Yourself Comfortable
41.2%
Tell Him
41.2%
Let Me Just Follow Behind
40.2%
Ukulele Lady
40.2%
(I'd Like To Get You On A) Slow Boat To China
40.2%
I Love Being Here With You
40.2%
Is That All There Is?
40.2%
Cradle Days
39.2%
My Eye On You
39.2%
The Girl Is On To You
39.2%
Laughing Matter
39.2%
Empty Bed Blues
38.1%
Millworker
38.1%
Heart Over Head
38.1%
I Sold My Heart To The Junkman
38.1%
Moses
38.1%
I Don't Want The Night To End
37.1%
No Jestering
37.1%
Soda And A Souvenir
37.1%
The Folks Who Live On The Hill
37.1%
Big Spender
37.1%
Baby It's You
36.5%
You Can't Hurry Love
36.5%
Give Him A Great Big Kiss
36.5%
Is It Love
36.1%
The Last Time
36.1%
Will You Still Love Me Tomorrow
35.3%
Come Back Jimmy Dean
35.1%
Love T.K.O.
35.1%
Bless You Child
35.1%
When Your Life Was Low
35.1%
Alright, Okay, You Win
35.1%
He's Sure The Boy I Love
34.1%
Teach Me Tonight
34.1%
All Of A Sudden
34%
Happiness Is A Thing Called Joe
34%
Shining Star
33%
Mr. Wonderful
33%
I've Got My Love To Keep Me Warm
32%
O Come, O Come Emmanuel
32%
Mele Kalikimaka
32%
Come And Get These Memories
31.8%
Too Many Fish In The Sea
30.6%
Merry Christmas
29.9%
I'll Be Home For Christmas
26.8%
What Are You Doing New Year's Eve?
26.8%
Bei mir bist du schön
20%
Quiz Playlist
Details
Report
Send in Message
Add To Playlist
Classic:
Type in answers that appear in a list
Quiz Source
Last Updated: Feb 16, 2017
Quiz Scoreboard
CHALLENGE
Sign Up to Join the Scoreboard
Show All
Scores
Hide
Comments
May contain spoilers
Recently Published
5x2 Blitz: Bands
by SL_Kpop136
Music
30s
Colored Red Africa Blitz
by spor1
Geography
30s
Find the 'City' Movie
by crazypaving
Movies
60s
More to Explore
Quiz From the Vault
Featured Blog Post
14 Easter Pick-up Lines to Find Eggs With
hide this ad
You Might Also Like...
Tags
Album Quiz
Pop Music Quiz
1970s
1980s
1990s
2000s
Vocal
Today's Top Quizzes in Music
Browse Music
hide this ad
Today's Top Quizzes in Album
Browse Album
Top Contributed Quizzes in Music
1
5X2 Blitz: Bands II
2
5X2 Blitz: The Beatles
3
Taylor Swift All Songs (2024)
4
5X2 Blitz: Billboard
5
5X2 Blitz: Billboard II
6
5X2 Blitz: Album
7
Taylor Swift Logic Puzzle II
8
5X2 Blitz: Singers
9
5X2 Blitz: Rock
10
5X2 Blitz: Lyrics
Explore More
Trending Topics
Kpop
Crossword
Anime
Disney
Marvel
NBA
Harry Potter
Puzzle
Country
WWE
Soccer
NFL
The Office
Song
Pokémon
hide this ad
More By:
FrankW
Quiz
Plays
Rating
Category
Featured
Created
Mariah or Whitney?
12,652
4.40
Music
Feb 26, 2013
Adele: 19, 21 or 25?
5,226
4.52
Music
Feb 22, 2016
Celine or Barbra?
1,968
4.00
Music
Jul 22, 2014
ALL Whitney Houston Songs
1,479
5.00
Music
Feb 7, 2011
Whitney Houston's Hot 100 Singles
1,043
4.75
Music
Sep 12, 2010
Go to Creator's Profile
Score Distribution
Quiz Creator Spotlight
FrankW
Follow
Send a Message
Quizzes Created
-
Created Quiz Play Count
-
More By This Creator
Popular Quizzes Today
1
Colored Red Africa Blitz
2
Find the US States - No Outlines Minefield
3
Find the 'City' Movie
4
5x2 Blitz: Bands
5
The Countries of the World
6
Find the US States
7
US States
8
Find the Countries of Europe - No Outlines Minefield
More Music Quizzes
Taylor Swift 'mad woman' lyrics
Quiz Lab
Trending Quizzes
Colored Red Europe Blitz I
Colored Red Europe Blitz II
Colored Red Africa Blitz II
Colored Red Europe Blitz III
Colored Red Africa Blitz III
Recently Updated
How Do You Spell That?
pecheneg
Godzilla Movies
pecheneg
Grab Bag: 4-10 Letters
pecheneg
2024 March Madness Bracket
pecheneg
Famous TV Couples
Peacemaker
Champions League XIs: Real Madrid
pecheneg
Largest US Cities 1790-2010
pecheneg
Rides in Walt Disney World
pecheneg
Most Oscar Losses (Acting)
pecheneg
Beyoncé Albums
pecheneg
Trending Topics
Marvel
Kpop
NBA
Disney
Crossword
Anime
Harry Potter
Pokémon
Country
NFL
The Office
Soccer
Puzzle
WWE
Song
Your Account Isn't Verified!
In order to create a playlist on Sporcle, you need to verify the email address you used during registration. Go to your
Sporcle Settings
to finish the process.
Report this User
Report this user for behavior that violates our
Community Guidelines
.
Details:
Send Report
Go to the Sporcle.com Mobile Site →
Comments